Obálka Náhled e-knihy:
Epub
Pro půjčování e-knih musíte být přihlášeni.
Jak si půjčit online?

Vzpoura oceánů. Druhá část, Zkáza lidstva přichází z hlubin /

Volné pokračování katastrofického thrilleru s hororovými prvky.

Uloženo v:
Série:Vzpoura oceánů, část 2
Hlavní autor: Schätzing, Frank, 1957- (Autor)
Další autoři: Čížek, Vítězslav, 1952- (Autor)
Médium: E-kniha
Jazyk:Czech
Vydáno: Praha : Euromedia Group, 2023
Vydání:Vydání druhé
Témata:
Příbuzné jednotky:Z cyklu:: Vzpoura oceánů
Tagy:
Žádné tagy
LEADER 02839nam a2200481 i 4500
001 311835
003 CZ PrSKC
005 20260601215712.0
007 ta
008 230228s2023 xr g 000 f cze
015 |a cnb003447256 
020 |a 9788024285078  |q (brožováno) 
035 |a (OCoLC)1375349932 
040 |a ABG001  |b cze  |e rda 
041 1 |a cze  |h ger 
072 7 |a 821.112.2-3  |x Německá próza, německy psaná  |2 Konspekt 
080 |a 821.112.2-31  |2 MRF 
080 |a (0:82-312.4)  |2 MRF 
100 1 |a Schätzing, Frank,  |d 1957-  |7 xx0041940  |4 aut 
240 1 0 |a Schwarm.  |l Česky 
245 1 0 |a Vzpoura oceánů.  |n Druhá část,  |p Zkáza lidstva přichází z hlubin /  |c Frank Schätzing ; z německého originálu Der Schwarm ... přeložil Vítězslav Čížek 
246 3 0 |a Zkáza lidstva přichází z hlubin 
250 |a Vydání druhé 
264 1 |a Praha :  |b Euromedia Group,  |c 2023 
300 |a 319 stran ;  |c 23 cm 
336 |a text  |b txt  |2 rdacontent 
337 |a bez média  |b n  |2 rdamedia 
338 |a svazek  |b nc  |2 rdacarrier 
500 |a Na obálce uvedeno nakladatelství: Laser 
520 2 |a Volné pokračování katastrofického thrilleru s hororovými prvky.  |b V Peru zmizí rybář. Beze stopy. Norští experti na těžbu ropy narazí na podivuhodné organismy, které ovládly stovky čtverečních kilometrů mořského dna. Mezitím se v Kanadě odehraje hrůzná proměna velryb u břehů Britské Kolumbie. Nic spolu zdánlivě nesouvisí. Ale biolog Sigur Johanson nevěří na náhody. A indiánský ochránce velryb Leon Anawak dojde k znepokojujícím závěrům. Blíží se katastrofa. Pátrání po jejím původci konfrontuje vědce s těmi nejhoršími nočními můrami. Vlády USA a Kanady evidentně vědí o hrozbě z oceánů mnohem víc. Propuká katastrofa, která ohrozí další existenci lidstva. Ale co nebo kdo ji rozpoutal? Vědci si musejí přiznat, že člověk ví o planetě, jíž se cítí být vládcem, mnohem méně než o vesmíru. Nakladatelská anotace. 
655 7 |a německé romány  |7 fd132945  |2 czenas 
655 7 |a thrillery (romány)  |7 fd184206  |2 czenas 
655 9 |a German fiction  |2 eczenas 
655 9 |a thrillers (novels)  |2 eczenas 
700 1 |a Čížek, Vítězslav,  |d 1952-  |7 jn19981002699  |4 trl 
787 0 8 |i Z cyklu:  |t Vzpoura oceánů  |g 2 
900 |a ABA001  |b 20 
928 9 |a Euromedia Group - Laser 
928 9 |a Laser 
044 |a xr 
910 |a RBIT002 
998 |d 367793  |a https://core.palmknihy.cz/api/books/367793/cover?rppefk  |b https://core.palmknihy.cz/api/books/367793/cover/400?rppefk  |c https://core.palmknihy.cz/api/books/367793/cover/50?rppefk  |e 2027-02-15  |g 320  |i 9788024285078  |j https://core.palmknihy.cz/api/books/367793/preview.epub  |l   |q 49  |r 1  |s https://www.palmknihy.cz/kniha/367793  |t ebook  |y 2023  |z 0  |v Vzpoura oceánů  |w 2 
999 |d 311833